[Event "9th Holuj-Radzikowska 2019"]
[Site "Wroclaw"]
[Date "2019.12.06"]
[Round "1.1"]
[White "Cyfka, Karina"]
[Black "Badelka, Olga"]
[Result "1-0"]
[WhiteElo "2410"]
[BlackElo "2399"]
[Annotator "TA"]
[PlyCount "67"]
[EventDate "2019.12.06"]
[EventType "team-tourn"]
[EventCountry "POL"]
[SourceTitle "playchess.com"]
[Source "ChessBase"]
[SourceQuality "1"]

{[%evp 16,67,99,86,112,108,120,128,127,137,125,127,210,191,168,195,191,111,96,94,127,100,101,70,87,92,142,139,165,170,193,197,206,202,247,227,232,234,243,225,208,187,568,568,1574,1488,6801,6801,6731,736,6656,6173,2737,1930]} 1. e4 c5 2. Nc3 Nc6 3. Bb5 e6 4. Bxc6 bxc6 5. d3 d6 6. f4 g6 7. Nf3 Bg7 8. O-O Ne7 9. Qe1 a5 {B23: Closed Sicilian: Lines without g3} (9... Qb6 10. Kh1 Ba6 11. b3 d5 12. e5 Nf5 13. Na4 Qb4 14. Bd2 Qb8 15. Nxc5 Bc8 16. a4 Bf8 17. Bb4 {1-0 (55) Steinberg,N (2532)-Makoveev,I (2257) St Petersburg 2018}) 10. e5 $146 ({Predecessor:} 10. Qh4 Ba6 11. f5 gxf5 12. Bh6 Bxh6 13. Qxh6 Kd7 14. e5 Ng6 15. exd6 Kxd6 16. Rad1 Qf6 17. Ng5 {0-1 (29) Chowdhury,S (1593)-Grasser,S (1767) Nuremberg 2016}) 10... Nf5 11. g4 Nd4 {White is better.} 12. Nxd4 cxd4 13. Ne4 dxe5 (13... O-O $16) 14. fxe5 $18 Bxe5 15. Bg5 Qc7 {[#]} 16. Nf6+ (16. Bf6 $1 $18 {[%cal Rf6e5]} Bxf6 17. Rxf6 (17. Nxf6+ Kf8 $16)) 16... Bxf6 $16 17. Bxf6 Rf8 18. Bxd4 c5 19. Qe5 (19. Bf6 {is more complex.}) 19... Qxe5 20. Bxe5 Ra6 21. g5 Bb7 22. Rf4 Bd5 23. c4 Bb7 24. d4 cxd4 25. Rxd4 ({Less strong is} 25. Bxd4 f5 $16) 25... f5 26. gxf6 Bc6 27. Rd6 Kf7 28. Bc3 a4 $2 (28... Rfa8 {is tougher.} 29. Re1 Bb5) 29. Re1 $18 {White is clearly winning.} Bb5 30. Rexe6 {White threatens Re7+ and mate.} Rxd6 31. Re7+ Kg8 32. Rg7+ Kh8 33. f7 {[%csl Gf7][%cal Rg7g8]} Rd1+ {[#]} 34. Kf2 $1 {[%mdl 512] Accuracy: White = 84%, Black = 45%.} 1-0

[Event "9th Holuj-Radzikowska 2019"]
[Site "Wroclaw"]
[Date "2019.12.06"]
[Round "1.2"]
[White "Houska, Jovanka"]
[Black "Zawadzka, Jolanta"]
[Result "0-1"]
[WhiteElo "2412"]
[BlackElo "2400"]
[Annotator "RC"]
[PlyCount "78"]
[EventDate "2019.12.06"]
[EventType "team-tourn"]
[EventCountry "POL"]
[SourceTitle "playchess.com"]
[Source "ChessBase"]
[SourceQuality "1"]
[WhiteTeam "Team World"]
[BlackTeam "Team Poland"]
[TimeControl "40/5400+30:1800+30"]

1. d4 {[%emt 0:00:00]} d5 {[%emt 0:00:00]} 2. Nf3 {[%emt 0:00:00]} Nf6 {[%emt 0:00:00]} 3. c4 {[%emt 0:00:00]} e6 {[%emt 0:00:00]} 4. Nc3 {[%emt 0:00:04]} Bb4 {[%emt 0:00:08]} 5. Qa4+ {[%emt 0:00:58]} Nc6 {[%emt 0:00:07]} 6. Bd2 {[%emt 0:00:05]} dxc4 {[%emt 0:00:50]} 7. e3 {[%emt 0:00:08]} O-O {[%emt 0:00:22]} 8. Bxc4 {[%emt 0:01:07]} Bd6 {[%emt 0:00:46]} 9. a3 {[%emt 0:08:45]} a6 {[%emt 0:03:18]} 10. Qc2 {[%emt 0:03:23]} e5 {[%emt 0:03:46]} 11. d5 {[%emt 0:12:27]} Ne7 {[%emt 0:00:34]} 12. Ng5 {[%emt 0:02:02]} h6 {[%emt 0:06:18]} 13. Nge4 {[%emt 0:00:20]} Nxe4 {[%emt 0:00:46]} 14. Nxe4 {[%emt 0:00:05]} Bf5 {[%emt 0:06:58]} 15. O-O {[%emt 0:09:01]} Rc8 {[%emt 0:05:44]} 16. Bc3 {[%emt 0:04:12]} b5 {[%emt 0:08:33]} 17. Ba2 {[%emt 0:07:21]} c5 {[%emt 0:02:08]} 18. Rad1 {[%emt 0:05:40]} Qb6 {[%emt 0:04:08]} 19. Bb1 {[%emt 0:03:36]} a5 {[%emt 0:12:55]} 20. g4 {[%emt 0:04:09]} Bg6 {[%emt 0:05:51]} 21. f4 {[%emt 0:00:15]} exf4 {[%emt 0:01:12]} 22. exf4 {[%emt 0:00:12]} b4 {[%emt 0:04:09]} 23. Be5 {[%emt 0:09:58]} Bxe4 {[%emt 0:03:25]} 24. Qxe4 {[%emt 0:00:12]} f5 {[%emt 0:00:06]} 25. Qg2 {[%emt 0:04:42]} Qc7 {[%emt 0:06:26]} 26. Rfe1 {[%emt 0:05:41]} Rcd8 {[%emt 0:04:19]} 27. gxf5 {[%emt 0:10:24]} Nxf5 {[%emt 0:05:04]} 28. Qg6 {[%emt 0:01:11]} Qd7 {[%emt 0:03:54]} 29. Kh1 {[%emt 0:01:39]} Bb8 {[%emt 0:04:30]} 30. Bxf5 {[%emt 0:02:29]} Rxf5 {[%emt 0:00:44]} 31. Bxg7 {[%emt 0:00:12]} Qf7 {[%emt 0:00:43]} 32. Qxh6 {[%emt 0:01:41]} Rh5 {[%emt 0:00:19]} 33. Qf6 {[%emt 0:01:56]} Rdxd5 {[%emt 0:02:35]} 34. Rxd5 {[%emt 0:01:30]} Rxd5 {[%emt 0:03:10]} 35. Qc6 {[%emt 0:01:24]} Kxg7 {[%emt 0:00:49]} 36. Rg1+ {[%emt 0:00:10]} Kh7 {[%emt 0:00:37]} 37. Qc8 {[%emt 0:00:10]} Bxf4 {[%emt 0:00:14]} 38. Qh3+ {[%emt 0:00:51]} Rh5 {[%emt 0:01:04]} 39. Qd3+ {[%emt 0:00:56]} Qf5 {[%emt 0:00:14]} 0-1

[Event "9th Holuj-Radzikowska 2019"]
[Site "Wroclaw"]
[Date "2019.12.06"]
[Round "1.3"]
[White "Antolak, Julia"]
[Black "Zatonskih, Anna"]
[Result "1/2-1/2"]
[WhiteElo "2249"]
[BlackElo "2420"]
[Annotator "TA"]
[PlyCount "117"]
[EventDate "2019.12.06"]
[EventType "team-tourn"]
[EventCountry "POL"]
[SourceTitle "playchess.com"]
[Source "ChessBase"]
[SourceQuality "1"]
[WhiteTeam "Team Poland"]
[BlackTeam "Team World"]

{[%evp 15,117,24,45,18,15,14,39,30,26,26,26,25,23,25,29,14,10,10,14,28,22,16,19,-37,-4,-18,-21,-46,-53,-43,-51,-51,-51,-51,-43,-54,-49,-75,-69,-70,-69,-69,-75,-96,-86,-110,-62,-80,-51,-132,0,0,0,0,0,0,0,0,0,0,0,0,0,-8,-8,-8,-8,-8,-8,-8,-8,-8,-8,-8,-8,-8,-8,-8,0,-8,0,0,0,0,0,0,0,0,0,0,0,0,0,0,0,0,0,0,0,0,0,0,0,0]} 1. e4 e5 2. Nf3 Nf6 3. Nxe5 d6 4. Nf3 Nxe4 5. d4 d5 6. Bd3 Bf5 7. O-O Be7 8. Re1 O-O 9. Nbd2 {[%cal Rd2e4] C42: Petroff Defence: 3 Nxe5 and unusual White 3rd moves} (9. c4 Nc6 10. cxd5 Qxd5 11. Nc3 Nxc3 12. bxc3 Bxd3 13. Qxd3 Rae8 14. Rb1 b6 15. Bf4 Bd6 16. Ng5 f5 17. Rxe8 Rxe8 {½-½ (42) Anand,V (2756)-So,W (2776) Saint Louis 2019}) 9... Nd6 10. Nf1 Nd7 11. Bxf5 {White is slightly better.} Nxf5 12. Qd3 g6 13. Ne3 Nxe3 14. Bxe3 Re8 15. Bf4 c6 16. Re2 $146 ({Predecessor:} 16. Ne5 Nxe5 17. Bxe5 {0-1 (48) Bussachini,M (2056)-Bujisho,B (2408) France 2003}) 16... Bf6 17. Rxe8+ Qxe8 18. Re1 Qd8 19. Ne5 ({White should play} 19. Qe3 $11) 19... Nxe5 (19... Bxe5 $5 20. dxe5 Nc5 $11) 20. Bxe5 Qa5 21. c3 Bxe5 22. Rxe5 Qxa2 $15 {[%mdl 4096] Endgame KQR-KQR} 23. Qd2 Qb1+ $1 24. Re1 Qf5 25. Re5 Qf6 26. Qe3 a5 27. g4 b5 28. g5 Qd6 29. f4 Rf8 30. h4 Qd7 31. f5 gxf5 32. h5 {[#]} (32. Kg2 $15) 32... b4 (32... f6 $1 $17 33. gxf6 Rxf6) 33. cxb4 $11 {The position is equal.} axb4 34. h6 {[#]} b3 $1 35. Qf4 (35. Qxb3 f6) 35... Qd6 36. Qxf5 f6 37. Re3 {Black must now prevent g6.} fxg5 38. Qxg5+ Qg6 39. Qxg6+ hxg6 {KR-KR} 40. Re6 $1 Kh7 41. Rxc6 Rf4 42. Rc3 Rxd4 {...Rd1+ is the strong threat.} 43. Rxb3 Kxh6 44. Kf2 g5 45. Ke3 Re4+ 46. Kf3 g4+ 47. Kg3 Kg5 48. Rd3 $1 d4 49. b4 $1 Kf5 {Strongly threatening ...Re3+.} 50. b5 $1 Ke6 (50... Re3+ 51. Rxe3 dxe3 52. b6 $18) 51. b6 Kd7 {And now ...Re3+ would win.} 52. Rd2 Kc8 {Threatens to win with ...Kb7.} (52... Kc6 $5 53. Rb2 $8 Re8 $11) 53. Rb2 Re7 54. Kxg4 Kb7 55. Kf4 d3 56. Rd2 Rd7 57. Ke3 Kxb6 58. Rxd3 Rxd3+ 59. Kxd3 {Accuracy: White = 71%, Black = 72%.} 1/2-1/2

[Event "9th Holuj-Radzikowska 2019"]
[Site "Wroclaw"]
[Date "2019.12.06"]
[Round "1.4"]
[White "Bulmaga, Irina"]
[Black "Majdan, Joanna"]
[Result "1-0"]
[WhiteElo "2434"]
[BlackElo "2336"]
[Annotator "RC"]
[PlyCount "53"]
[EventDate "2019.12.06"]
[EventType "team-tourn"]
[EventCountry "POL"]
[SourceTitle "playchess.com"]
[Source "ChessBase"]
[SourceQuality "1"]
[WhiteTeam "Team World"]
[BlackTeam "Team Poland"]
[TimeControl "40/5400+30:1800+30"]

1. e4 g6 2. d4 Bg7 3. Nc3 d6 4. f4 a6 5. Nf3 b5 6. Bd3 Nd7 7. e5 {[%emt 0:04:53]} c5 {[%emt 0:03:34]} 8. Be4 Rb8 9. Be3 cxd4 {[%emt 0:02:47]} 10. Bxd4 dxe5 11. fxe5 e6 12. Ba7 Qc7 13. Bxb8 Qxb8 14. O-O Ne7 15. Qe1 Nxe5 16. Qh4 Nc4 17. Rae1 Qa7+ 18. Kh1 {[%emt 1:04:31]} O-O {[%emt 0:48:43]} 19. Bd3 {[%emt 0:04:49]} Nxb2 20. Ne4 Nxd3 21. cxd3 Nf5 22. Nf6+ Bxf6 23. Qxf6 Bb7 24. Ng5 Qc5 25. Ne4 Bxe4 26. dxe4 Ne3 27. Qf2 1-0

[Event "9th Holuj-Radzikowska 2019"]
[Site "Wroclaw"]
[Date "2019.12.06"]
[Round "1.5"]
[White "Arabidze, Meri"]
[Black "Socko, Monika"]
[Result "1-0"]
[WhiteElo "2435"]
[BlackElo "2407"]
[Annotator "RC"]
[PlyCount "102"]
[EventDate "2019.12.06"]
[EventType "team-tourn"]
[EventCountry "POL"]
[SourceTitle "playchess.com"]
[Source "ChessBase"]
[SourceQuality "1"]
[WhiteTeam "Team World"]
[BlackTeam "Team Poland"]
[TimeControl "40/5400+30:1800+30"]

1. d4 {[%emt 0:00:00]} Nf6 {[%emt 0:00:00]} 2. c4 {[%emt 0:00:00]} e6 {[%emt 0:00:00]} 3. Nf3 {[%emt 0:00:00]} b6 {[%emt 0:00:00]} 4. g3 {[%emt 0:00:05]} Bb7 {[%emt 0:00:00]} 5. Bg2 {[%emt 0:00:16]} Be7 {[%emt 0:00:08]} 6. O-O {[%emt 0:00:14]} O-O {[%emt 0:00:06]} 7. Re1 {[%emt 0:00:13]} a5 {[%emt 0:00:57]} 8. Nc3 {[%emt 0:00:49]} Ne4 {[%emt 0:00:31]} 9. Qc2 {[%emt 0:00:14]} f5 {[%emt 0:10:48]} 10. Ne5 {[%emt 0:06:34]} d5 {[%emt 0:02:59]} 11. cxd5 {[%emt 0:09:56]} exd5 {[%emt 0:00:15]} 12. Be3 {[%emt 0:01:00]} Nd7 {[%emt 0:06:44]} 13. Nxe4 {[%emt 0:07:09]} Nxe5 {[%emt 0:12:05]} 14. Nc5 {[%emt 0:01:09]} bxc5 {[%emt 0:04:10]} 15. dxe5 {[%emt 0:00:06]} c4 {[%emt 0:02:21]} 16. b3 {[%emt 0:04:35]} Ba6 {[%emt 0:01:52]} 17. Rac1 {[%emt 0:12:55]} c6 {[%emt 0:06:53]} 18. bxc4 {[%emt 0:10:56]} Bxc4 {[%emt 0:02:03]} 19. Qa4 {[%emt 0:00:07]} Bb5 {[%emt 0:09:01]} 20. Qd4 {[%emt 0:05:29]} Bb4 {[%emt 0:03:16]} 21. Bd2 {[%emt 0:01:45]} Bxd2 {[%emt 0:03:08]} 22. Qxd2 {[%emt 0:00:06]} Kh8 {[%emt 0:00:44]} 23. e3 {[%emt 0:04:39]} Qe7 {[%emt 0:00:32]} 24. Qd4 {[%emt 0:01:29]} Rfe8 {[%emt 0:02:04]} 25. f4 {[%emt 0:07:51]} Bc4 {[%emt 0:02:02]} 26. Rc2 {[%emt 0:00:14]} Red8 {[%emt 0:10:09]} 27. Qc3 {[%emt 0:04:54]} Qb4 {[%emt 0:01:03]} 28. a3 {[%emt 0:00:32]} Qxc3 {[%emt 0:05:47]} 29. Rxc3 {[%emt 0:00:05]} Rab8 {[%emt 0:00:03]} 30. Bf1 {[%emt 0:03:19]} Rb2 {[%emt 0:00:11]} 31. Rec1 {[%emt 0:01:18]} Bxf1 {[%emt 0:00:34]} 32. Kxf1 {[%emt 0:04:59]} Rxh2 {[%emt 0:02:33]} 33. Rxc6 {[%emt 0:00:15]} Kg8 {[%emt 0:00:25]} 34. Rc8 {[%emt 0:02:27]} Rxc8 {[%emt 0:00:09]} 35. Rxc8+ {[%emt 0:00:07]} Kf7 {[%emt 0:00:02]} 36. Rc5 {[%emt 0:00:22]} Rd2 {[%emt 0:02:34]} 37. Rxa5 {[%emt 0:01:29]} d4 {[%emt 0:00:04]} 38. Ra7+ {[%emt 0:06:20]} Kf8 {[%emt 0:01:33]} 39. exd4 {[%emt 0:01:52]} Rxd4 {[%emt 0:00:09]} 40. a4 {[%emt 0:00:00]} g5 {[%emt 0:00:00]} 41. a5 {[%emt 0:10:56]} gxf4 {[%emt 0:07:32]} 42. gxf4 {[%emt 0:00:11]} Rxf4+ {[%emt 0:00:46]} 43. Kg2 {[%emt 0:00:13]} h5 {[%emt 0:10:42]} 44. a6 {[%emt 0:01:24]} Ra4 {[%emt 0:00:30]} 45. Ra8+ {[%emt 0:04:57]} Kg7 {[%emt 0:01:10]} 46. a7 {[%emt 0:02:48]} Ra2+ {[%emt 0:00:15]} 47. Kg3 {[%emt 0:00:19]} Ra3+ {[%emt 0:00:10]} 48. Kf4 {[%emt 0:03:39]} h4 {[%emt 0:00:46]} 49. e6 {[%emt 0:00:20]} h3 {[%emt 0:00:31]} 50. e7 {[%emt 0:01:44]} h2 {[%emt 0:00:03]} 51. Rh8 {[%emt 0:04:50]} Ra4+ {[%emt 0:03:39] Ke4} 1-0

[Event "9th Holuj-Radzikowska 2019"]
[Site "Wroclaw"]
[Date "2019.12.06"]
[Round "1.6"]
[White "Sliwicka, Alicja"]
[Black "Bodnaruk, Anastasia"]
[Result "1-0"]
[WhiteElo "2264"]
[BlackElo "2413"]
[Annotator "TA"]
[PlyCount "149"]
[EventDate "2019.12.06"]
[EventType "team-tourn"]
[EventCountry "POL"]
[SourceTitle "playchess.com"]
[Source "ChessBase"]
[SourceQuality "1"]
[WhiteTeam "Team Poland"]
[BlackTeam "Team World"]

{[%evp 13,149,23,29,0,12,0,24,8,43,39,41,25,29,11,24,42,29,20,25,25,47,0,0,0,13,-2,15,-14,0,-25,-19,-49,50,38,57,0,45,0,10,14,8,-25,0,0,0,0,3,0,0,-3,-8,0,0,0,20,0,29,32,41,0,27,8,39,43,81,70,85,44,329,137,124,39,52,0,37,51,47,8,82,52,60,29,111,114,129,118,101,97,110,135,118,97,86,92,142,62,88,96,95,86,85,73,83,89,133,101,152,163,153,140,200,169,272,263,264,199,208,135,212,207,195,211,306,283,607,593,1010,490,564,548,498,490,1125,756,1047,1047,1017,858]} 1. e4 c5 2. Nf3 d6 3. d4 cxd4 4. Nxd4 Nf6 5. Nc3 a6 6. Be3 e5 7. Nb3 Be6 8. h3 {B90: Sicilian Najdorf: Unusual White 6th moves, 6 Be3 Ng4 and 6 Be3 e5} (8. Qd2 Nbd7 9. f3 h5 10. O-O-O Be7 11. Bg5 b5 12. h4 Rc8 13. Kb1 O-O 14. a3 Re8 15. Be2 Qb6 16. Rhg1 Bf8 17. Nc1 Rc7 18. N1a2 Rec8 {0-1 (36) Inarkiev,E (2693)-Vidit,S (2707) Danzhou 2019}) 8... Be7 9. f4 exf4 10. Bxf4 {White has an edge.} Nc6 11. Qe2 Ne5 $146 ({Predecessor:} 11... Nd7 12. O-O-O {1-0 (39) Panitevsky,I-Debnar,I (2128) ICCF email 2013}) 12. O-O-O Nfd7 13. Kb1 O-O 14. g4 Rc8 15. Qe3 Qc7 16. Rh2 Nb6 17. Bxe5 dxe5 18. Nd5 Bxd5 19. exd5 {[#]} a5 $1 {[%mdl 512]} 20. a3 (20. Nxa5 Rfd8) 20... Rfd8 21. Qe4 a4 22. Nc1 Nd7 (22... Qc5 $15 23. d6 Rxd6 24. Rxd6 Qxd6) 23. Qxa4 $14 Nc5 24. Qb5 (24. Qb4 $14) 24... e4 25. Rf2 e3 26. Re2 Ne4 27. Qa4 Nd2+ 28. Rdxd2 exd2 29. Rxd2 Bf6 {Strongly threatening ...Bxb2!} 30. Qb3 Qc5 31. Qf3 Re8 {aiming for ...Bxb2!} 32. Nb3 Qd6 33. Ka2 Ra8 34. Nd4 Qb6 35. Nb5 Re3 36. Qf4 Re1 37. c3 h6 38. Qf2 Re3 39. d6 {And now Nc7 would win.} Qc5 $1 40. d7 {Nd6 is the strong threat.} b6 $2 {[%mdl 8192]} (40... Rd8 $1 $14) 41. Qf5 (41. Nd6 $18 {has better winning chances.}) 41... Re5 $16 42. Qd3 ({White should play} 42. Qf3 $16 Rd8 43. Na7) 42... Rd8 $14 43. Qd6 (43. Qc4 $1 $14) 43... Re7 44. Qxc5 bxc5 45. Rd5 Re5 (45... Rexd7 $11 {keeps the balance.} 46. Rxc5 Rd2) 46. Rd6 Re7 47. Rc6 Re1 (47... Rexd7 $11 {remains equal.} 48. Rxc5 Rd2) 48. Bc4 $16 Be7 49. Nd6 Rxd7 50. Nxf7 {Threatens to win with Ne5+.} Kh7 51. a4 Ra7 52. Kb3 Rb7+ 53. Bb5 $1 Re3 54. h4 (54. Nd6 $1 $16 {[%cal Rd6b7]} Bxd6 55. Rxd6) 54... Bxh4 55. Nd6 Ra7 56. Nf5 ({Of course not} 56. Rxc5 Rg3 $11) 56... Rh3 57. Rxc5 Bf6 58. Rd5 Rh2 59. Nd6 Rg2 {[#]} (59... Rh4 $142) 60. Bd3+ $1 g6 {[#]} 61. Nb5 $1 {[%cal Rb5a7]} Rf7 (61... Ra6 $16) 62. a5 $18 {[%cal Ba4a5,Ba5a6][%mdl 32]} Bg5 (62... Bg7 $142) 63. a6 {Hoping for a7.} Be3 64. Re5 Bg1 65. Re4 Rd7 (65... Rff2 $16) 66. Nd4 Kg7 67. Bb5 Rf7 (67... Ra7 {was worth a try.} 68. Nf3 Bc5) 68. Bc6 Bxd4 $2 (68... h5 69. gxh5 gxh5) 69. Rxd4 {[%mdl 4096] Endgame KRR-KRB. White is clearly winning.} Rg1 70. Bb7 (70. Rd7 $142) 70... Rb1 71. Rb4 Ra1 72. Ra4 Rff1 (72... Re1 $142 73. c4 Re5) 73. Ra3 Rxa3+ 74. bxa3 Rf7 75. Kc4 {Accuracy: White = 55%, Black = 32%.} 1-0

[Event "9th Holuj-Radzikowska 2019"]
[Site "Wroclaw"]
[Date "2019.12.08"]
[Round "2"]
[White "Zawadzka, Jolanta"]
[Black "Bulmaga, Irina"]
[Result "1-0"]
[WhiteElo "2400"]
[BlackElo "2308"]
[Annotator "NA"]
[PlyCount "53"]
[EventDate "2019.12.06"]
[EventType "team-tourn"]
[EventCountry "POL"]
[SourceTitle "playchess.com"]
[Source "ChessBase"]
[SourceQuality "1"]
[TimeControl "40/5400+30:1800+30"]

1. e4 {[%emt 0:00:00]} c5 {[%emt 0:00:00]} 2. Nf3 {[%emt 0:00:00]} d6 {[%emt 0:00:00]} 3. d4 {[%emt 0:00:00]} cxd4 {[%emt 0:00:00]} 4. Nxd4 {[%emt 0:00:00]} Nf6 {[%emt 0:00:00]} 5. Nc3 {[%emt 0:00:00]} a6 {[%emt 0:00:03]} 6. Be3 {[%emt 0:00:08]} e5 {[%emt 0:00:08]} 7. Nf3 {[%emt 0:00:13]} Be7 {[%emt 0:00:32]} 8. Bc4 {[%emt 0:00:23]} O-O {[%emt 0:00:25]} 9. O-O {[%emt 0:00:09]} Be6 {[%emt 0:01:49]} 10. Bb3 {[%emt 0:01:27]} Nc6 {[%emt 0:03:09]} 11. Bg5 {[%emt 0:00:56]} Rc8 {[%emt 0:05:55]} 12. Bxf6 {[%emt 0:03:19]} Bxf6 {[%emt 0:00:08]} 13. Nd5 {[%emt 0:00:57]} Bxd5 {[%emt 0:07:26]} 14. Qxd5 {[%emt 0:04:33]} Qc7 {[%emt 0:03:00]} 15. c3 {[%emt 0:03:12]} Ne7 {[%emt 0:05:05]} 16. Qd3 {[%emt 0:02:58]} Rfd8 {[%emt 0:02:31]} 17. Rfd1 Qc5 {[%emt 0:08:09]} 18. Ne1 {[%emt 0:10:12]} Bg5 {[%emt 0:07:02]} 19. Qf3 {[%emt 0:03:04]} Rf8 {[%emt 0:01:38]} 20. Rd3 {[%emt 0:06:07]} Ng6 {[%emt 0:13:06]} 21. Qf5 {[%emt 0:10:41]} Bh4 {[%emt 0:03:59]} 22. Rh3 {[%emt 0:04:50]} Ne7 {[%emt 0:06:36]} 23. Qf3 {[%emt 0:00:14]} Bf6 {[%emt 0:02:46]} 24. Rd1 {[%emt 0:06:23]} Qb6 {[%emt 0:05:24]} 25. Rd3 {[%emt 0:10:50]} a5 {[%emt 0:05:30]} 26. Rxh7 {[%emt 0:11:24]} Rfd8 {[%emt 0:08:51]} 27. Rh8+ {[%emt 0:01:02]} 1-0

[Event "9th Holuj-Radzikowska 2019"]
[Site "Wroclaw"]
[Date "2019.12.08"]
[Round "2"]
[White "Bodnaruk, Anastasia"]
[Black "Antolak, Julia"]
[Result "0-1"]
[WhiteElo "2375"]
[BlackElo "2062"]
[Annotator "NA"]
[PlyCount "94"]
[EventDate "2019.12.06"]
[EventType "team-tourn"]
[EventCountry "POL"]
[SourceTitle "playchess.com"]
[Source "ChessBase"]
[SourceQuality "1"]
[TimeControl "40/5400+30:1800+30"]

1. e4 {[%emt 0:00:00]} c5 {[%emt 0:00:00]} 2. Nc3 {[%emt 0:00:00]} e6 {[%emt 0:00:00]} 3. Nf3 {[%emt 0:00:00]} d6 {[%emt 0:00:10]} 4. d4 {[%emt 0:00:03]} cxd4 {[%emt 0:00:06]} 5. Nxd4 {[%emt 0:00:03]} Nf6 {[%emt 0:00:06]} 6. Be2 {[%emt 0:00:59]} a6 {[%emt 0:00:25]} 7. f4 {[%emt 0:01:16]} Nc6 {[%emt 0:00:54]} 8. Be3 {[%emt 0:00:58]} Be7 {[%emt 0:01:33]} 9. O-O {[%emt 0:02:16]} O-O {[%emt 0:00:48]} 10. a4 {[%emt 0:02:50]} Qc7 {[%emt 0:01:37]} 11. Kh1 {[%emt 0:01:14]} Nxd4 {[%emt 0:01:21]} 12. Qxd4 {[%emt 0:01:00]} Bd7 {[%emt 0:01:33]} 13. e5 {[%emt 0:13:54]} Ne8 {[%emt 0:01:29]} 14. Qd2 {[%emt 0:20:28]} Bc6 {[%emt 0:08:24]} 15. Bd4 {[%emt 0:01:36]} dxe5 {[%emt 0:15:19]} 16. fxe5 {[%emt 0:00:16]} g6 {[%emt 0:00:51]} 17. a5 {[%emt 0:10:20]} Ng7 {[%emt 0:03:50]} 18. Qf4 {[%emt 0:00:49]} Rac8 {[%emt 0:06:37]} 19. Bd3 {[%emt 0:10:19]} f6 {[%emt 0:16:50]} 20. Qe3 {[%emt 0:07:43]} Nf5 {[%emt 0:04:35]} 21. Bxf5 {[%emt 0:00:52]} exf5 {[%emt 0:00:17]} 22. e6 {[%emt 0:04:09]} Bd6 {[%emt 0:05:30]} 23. Rfe1 {[%emt 0:01:27]} Bxh2 {[%emt 0:10:19]} 24. e7 {[%emt 0:02:17]} Rf7 {[%emt 0:00:36]} 25. Bb6 {[%emt 0:09:54]} Qg3 {[%emt 0:04:22]} 26. Qxg3 {[%emt 0:00:27]} Bxg3 {[%emt 0:00:01]} 27. Re6 {[%emt 0:00:55]} Re8 {[%emt 0:01:27]} 28. Bc5 {[%emt 0:05:06]} Be5 {[%emt 0:01:28]} 29. Re1 {[%emt 0:02:22]} Rg7 {[%emt 0:05:56]} 30. Kg1 {[%emt 0:00:20]} Kf7 {[%emt 0:00:45]} 31. R6xe5 {[%emt 0:00:12]} fxe5 {[%emt 0:00:06]} 32. Rxe5 {[%emt 0:00:02]} Kf6 {[%emt 0:01:05]} 33. Re1 {[%emt 0:01:50]} Rgxe7 {[%emt 0:00:21]} 34. Bxe7+ {[%emt 0:00:03]} Rxe7 {[%emt 0:00:05]} 35. Rd1 {[%emt 0:00:10]} Re5 {[%emt 0:01:30]} 36. b4 {[%emt 0:00:29]} f4 {[%emt 0:00:39]} 37. Rd4 {[%emt 0:01:16]} Kf5 {[%emt 0:01:20]} 38. Kf2 {[%emt 0:00:10]} g5 {[%emt 0:01:54]} 39. Ne2 {[%emt 0:00:40]} Bxg2 {[%emt 0:04:04]} 40. Nxf4 {[%emt 0:00:00]} Re4 {[%emt 0:00:00]} 41. Ne2 {[%emt 0:05:05]} Rxd4 {[%emt 0:03:21]} 42. Nxd4+ {[%emt 0:00:05]} Ke5 {[%emt 0:00:14]} 43. Nb3 {[%emt 0:05:29]} Bd5 {[%emt 0:00:44]} 44. Nd2 {[%emt 0:00:18]} Kd4 {[%emt 0:01:24]} 45. c4 {[%emt 0:00:09]} Bxc4 {[%emt 0:00:46]} 46. Nf3+ {[%emt 0:00:04]} Kc3 {[%emt 0:00:05]} 47. Nxg5 {[%emt 0:00:05]} h5 {[%emt 0:00:20]} 0-1

[Event "9th Holuj-Radzikowska 2019"]
[Site "Wroclaw"]
[Date "2019.12.08"]
[Round "2"]
[White "Houska, Jovanka"]
[Black "Cyfka, Karina"]
[Result "1/2-1/2"]
[WhiteElo "2345"]
[BlackElo "2266"]
[Annotator "NA"]
[PlyCount "62"]
[EventDate "2019.12.06"]
[EventType "team-tourn"]
[EventCountry "POL"]
[SourceTitle "playchess.com"]
[Source "ChessBase"]
[SourceQuality "1"]
[TimeControl "40/5400+30:1800+30"]

1. d4 Nf6 2. Nf3 e6 3. Bf4 b6 4. e3 Bb7 5. Bd3 Be7 6. h3 c5 7. c3 O-O 8. Nbd2 d6 9. O-O Nc6 10. Qe2 Re8 11. Bh2 Bf8 12. Rfd1 Qc7 13. e4 e5 14. dxc5 bxc5 15. a4 Ne7 16. Nc4 Ng6 17. Re1 Nh5 18. Qc2 Ngf4 19. Bxf4 Nxf4 20. Ne3 Qe7 21. Bc4 Qf6 22. h4 Qg6 23. Ng5 Ne6 24. Bd5 Nxg5 25. Bxb7 Rab8 26. Bd5 Nf3+ 27. Kf1 Nxh4 28. Rab1 Be7 29. Qe2 Qh6 30. Qg4 Ng6 31. g3 Nf8 1/2-1/2